| 000 -LEADER |
| fixed length control field |
00740cam a22002174a 4500 |
| 003 - CONTROL NUMBER IDENTIFIER |
| control field |
OSt |
| 005 - DATE AND TIME OF LATEST TRANSACTION |
| control field |
20200518140539.0 |
| 008 - FIXED-LENGTH DATA ELEMENTS--GENERAL INFORMATION |
| fixed length control field |
110928s2012 mauab 000 0 eng |
| 020 ## - INTERNATIONAL STANDARD BOOK NUMBER |
| International Standard Book Number |
9781592537259 : |
| Terms of availability |
$26.99 |
| 082 00 - DEWEY DECIMAL CLASSIFICATION NUMBER |
| Classification number |
743.84CAM |
| Edition number |
23 |
| 100 1# - MAIN ENTRY--PERSONAL NAME |
| Personal name |
Campanario, Gabriel. |
| 245 14 - TITLE STATEMENT |
| Title |
The art of urban sketching : |
| Remainder of title |
drawing on location around the world / |
| Statement of responsibility, etc |
Gabriel Campanario. |
| 246 30 - VARYING FORM OF TITLE |
| Title proper/short title |
Drawing on location around the world |
| 260 ## - PUBLICATION, DISTRIBUTION, ETC. (IMPRINT) |
| Place of publication, distribution, etc |
Beverly, Mass. : |
| Name of publisher, distributor, etc |
Quarry Books, |
| Date of publication, distribution, etc |
c2012. |
| 300 ## - PHYSICAL DESCRIPTION |
| Extent |
319 p. : |
| Other physical details |
col. ill., maps ; |
| Dimensions |
26 cm. |
| 500 ## - GENERAL NOTE |
| General note |
"See the world, one drawing at a time ..."--P. facing t.p. |
| 650 #0 - SUBJECT ADDED ENTRY--TOPICAL TERM |
| Topical term or geographic name as entry element |
Cities and towns in art. |
| 650 #0 - SUBJECT ADDED ENTRY--TOPICAL TERM |
| Topical term or geographic name as entry element |
City and town life in art. |
| 650 #0 - SUBJECT ADDED ENTRY--TOPICAL TERM |
| Topical term or geographic name as entry element |
Drawing |
| General subdivision |
Technique. |
| 942 ## - ADDED ENTRY ELEMENTS (KOHA) |
| Source of classification or shelving scheme |
|